Květy pro Ilonu /

Hlavní autor: Daniger, Margot
Další autoři: Lutovská, Pavla
Jazyk: Čeština
Vydáno: Praha : I. Železný, 1996
Vydání: Vyd. 1.
Edice: Román lásky
Knihovnička Večerů pod lampou
Témata:
Fyzický popis: 57 s. ; 18 cm
Knihy
Uloženo v:
LEADER 01172nam a2200349 a 4500
001 000069397
003 CZ BrMZK
005 20211202155600.0
007 ta
008 950313s1996 xr g j cze d
015 |a cnb000121079 
020 |a 80-237-3067-3 
035 |a (OCoLC)37251491 
040 |a BOA001  |b cze 
072 7 |a 821-31/-34  |x Milostná, dobrodružná, fantastická próza  |2 Konspekt  |9 25 
080 |a 821-322.5  |2 MRF 
080 |a (0:82-322.5)  |2 MRF 
100 1 |a Daniger, Margot  |7 xx0082365  |4 aut 
245 1 0 |a Květy pro Ilonu /  |c Margot Danigerová ; [z němčiny] přeložila Pavla Lutovská 
250 |a Vyd. 1. 
260 |a Praha :  |b I. Železný,  |c 1996 
300 |a 57 s. ;  |c 18 cm 
490 1 |a Román lásky ;  |v 185 (24/96) 
490 1 |a Knihovnička Večerů pod lampou ;  |v 2145 
655 7 |a milostné povídky  |7 fd132834  |2 czenas 
700 1 |a Lutovská, Pavla  |7 xx0017948  |4 trl 
765 0 |t Anemonen für Ilona 
830 0 |a Román lásky 
830 0 |a Knihovnička Večerů pod lampou 
910 |a BOA001  |b 1-1020.672 
990 |a BK 
996 6 |b 2610036630  |c 1-1020.672  |l MZK  |r Sklad / do 1 hodiny  |n 0  |p p.v.  |w 000069397  |u 000010  |a 1  |e BOA001  |j MZK50  |s P